000
00322nam a22001457a 4500
008
210310b ||||| |||| 00| 0 eng d
020
_a
9780691101583
041
_a
eng
080
_a
94
082
_a
94
100
_a
16
101
_a
SHH
245
_a
Maya Society Under Colonial Rule
_c
Farriss,N.M
942
_2
udc
_c
BK
999
_c
56271
_d
56271